| 000 -CABECERA |
| Longitud fija campo de control |
00955nam a22002057a 4500 |
| 003 - IDENTIFICADOR DEL NÚMERO DE CONTROL |
| Identificador del número de control |
OSt |
| 005 - FECHA Y HORA DE LA ÚLTIMA TRANSACCIÓN |
| Fecha y hora de la última transacción |
20151026133603.0 |
| 008 - CÓDIGOS DE INFORMACIÓN DE LONGITUD FIJA |
| Códigos de información de longitud fija |
130718s1992 sp ||||| |||| 00| 0 spa d |
| 040 ## - FUENTE DE LA CATALOGACIÓN |
| Centro transcriptor |
CDMR |
| 100 1# - PUNTO DE ACCESO PRINCIPAL-NOMBRE DE PERSONA |
| 9 (RLIN) |
3979 |
| Nombre de persona |
Ansuátegui Roig, Francisco Javier |
| 245 10 - MENCIÓN DE TÍTULO |
| Título |
Orígenes doctrinales de la libertad de expresión |
| Mención de responsabilidad, etc. |
Francisco Javier Ansuátegui Roig ; Gregorio Peces-Barba Martínez(director) |
| Medio |
[recurs electrònic] |
| 260 ## - PUBLICACIÓN, DISTRIBUCIÓN, ETC. (PIE DE IMPRENTA) |
| Lugar de publicación, distribución, etc. |
Madrid |
| Fecha de publicación, distribución, etc. |
1992 |
| 502 ## - NOTA DE TESIS |
| Nota de tesis |
Tesi defensada el 19 de setembre de 1992, |
| Nombre de la institución que otorga el tí,tulo |
Universidad Carlos III de Madrid. Departamento de Derecho Público y Filosofía del Derecho. Área de Filosofía del Derecho, Moral y Política |
| 650 04 - PUNTO DE ACCESO ADICIONAL DE MATERIA - TÉRMINO DE MATERIA |
| 9 (RLIN) |
3073 |
| Término de materia o nombre geográfico como elemento inicial |
Llibertat d'expressió |
| 650 04 - PUNTO DE ACCESO ADICIONAL DE MATERIA - TÉRMINO DE MATERIA |
| 9 (RLIN) |
2994 |
| Término de materia o nombre geográfico como elemento inicial |
Tesis i dissertacions acadèmiques |
| 700 1# - PUNTO DE ACCESO ADICIONAL - NOMBRE DE PERSONA |
| 9 (RLIN) |
3980 |
| Nombre de persona |
Peces-Barba Martínez, Gregorio |
| 710 2# - PUNTO DE ACCESO ADICIONAL - NOMBRE DE ENTIDAD |
| 9 (RLIN) |
3935 |
| Nombre de entidad o nombre de jurisdicción como elemento inicial |
Universidad Carlos III de Madrid |
| 856 40 - LOCALIZACIÓN Y ACCESO ELECTRÓNICO |
| Identificador Uniforme del Recurso (URI) |
<a href="http://e-archivo.uc3m.es/handle/10016/15830">http://e-archivo.uc3m.es/handle/10016/15830</a> |
| Texto del enlace |
Disponible en línia (UC3) |
| 942 ## - ENTRADA DE ELEMENTOS AGREGADOS (KOHA) |
| Fuente de clasificaión o esquema |
|
| Koha [por defecto] tipo de item |
Tesines en línia |